Statistics for Countries of Europe (Inclusive)

Click here to take the quiz!

General Stats

  • This quiz has been taken 29 times
  • The average score is 47 of 49

Answer Stats

Country% Correct
Completely in EuropeAlbania
100%
Completely in EuropeAndorra
100%
Completely in EuropeAustria
100%
Completely in EuropeBelarus
100%
Completely in EuropeBelgium
100%
Completely in EuropeBosnia and
Herzegovina
100%
Completely in EuropeBulgaria
100%
Completely in EuropeCroatia
100%
Completely in EuropeDenmark
100%
Completely in EuropeEstonia
100%
Partially in EuropeFrance
100%
Completely in EuropeHungary
100%
Completely in EuropeIceland
100%
Completely in EuropeIreland
100%
Completely in EuropeLatvia
100%
Completely in EuropeLiechtenstein
100%
Completely in EuropeLithuania
100%
Completely in EuropeLuxembourg
100%
Completely in EuropeMonaco
100%
Completely in EuropeNorth
Macedonia
100%
Completely in EuropeNorway
100%
Completely in EuropePoland
100%
Partially in EuropePortugal
100%
Completely in EuropeRomania
100%
Partially in EuropeRussia
100%
Completely in EuropeSan Marino
100%
Completely in EuropeSlovakia
100%
Completely in EuropeSlovenia
100%
Partially in EuropeSpain
100%
Partially in EuropeTurkey
100%
Completely in EuropeUnited
Kingdom
100%
Completely in EuropeCzech
Republic
96%
Completely in EuropeFinland
96%
Partially in EuropeGreece
96%
Partially in EuropeItaly
96%
Completely in EuropeKosovo
96%
Completely in EuropeMalta
96%
Completely in EuropeMoldova
96%
Completely in EuropeMontenegro
96%
Partially in EuropeNetherlands
96%
Completely in EuropeSerbia
96%
Completely in EuropeSweden
96%
Completely in EuropeSwitzerland
96%
Completely in EuropeUkraine
96%
Completely in EuropeGermany
92%
Completely in EuropeVatican City
92%
Partially in EuropeGeorgia
81%
Partially in EuropeAzerbaijan
69%
Partially in EuropeKazakhstan
62%

Score Distribution

Percentile by Number Answered

Percent of People with Each Score

Your Score History

You have not taken this quiz